000 01475nam a2200409 c 4500
001 17335
003 ES-MaCES
005 20150925134930.0
008 050308s2004 sp t 000 | spa d
017 _aB 29690-2004
_bDL
020 _a8474267285
035 _aCES20050001955m
040 _aES-MaCES
_bspa
_cES-MaCES
245 0 0 _aMumbai
_b: (Foro Social Mundial 2004) : balance y perspectivas de un movimiento de movimientos
_cEsther Vivas (ed.) ; Arundhati Roy ... [et al.] ; [traductores, Pere Comellas, Griselda Piñero y Ángelo Ponziano]
260 _aBarcelona
_bIcaria
_c[2004]
300 _a142 p.
_c22 cm
490 1 _aIcaria más madera
_v46
541 _cCompra
611 2 4 _aForo Social Mundial
_n
_d2004
_cMumbai
_9911
650 4 _amovimiento social
_927313
650 4 _aglobalización económica
_930653
650 4 _adesigualdad económica
_929371
650 4 _adesigualdad social
_930789
650 4 _alucha contra la pobreza
_930648
650 4 _aayuda al desarrollo
_926634
653 1 0 _aCiencias Sociales-Políticas
650 4 _929234
_adesarrollo económico y social
700 1 _aRoy, Arundhati
_922718
700 1 _aVivas, Eshter
_eed. lit.
_926018
700 1 _aComellas, Pere
_etr.
_99859
700 1 _aPiñero, Griselda
_etr.
_921073
700 1 _aPonziano, Ángelo
_etr.
_921234
830 0 _aIcaria más madera
_v46
_933624
902 _aLIB Libro
942 _2CES
_cBK
_h7.0.
999 _c17335
_d17335